LIBRARY & INFORMATION CENTRE, KCAET, TAVANUR

ONLINE PUBLIC ACCESS CATALOGUE (OPAC)

Career`s objective type chemistry / (Record no. 8036)

MARC details
000 -LEADER
fixed length control field 00476cam a2200193ua 4500
041 ## - LANGUAGE CODE
Language code of text/sound track or separate title eng
082 ## - DEWEY DECIMAL CLASSIFICATION NUMBER
Classification number 028.7021
Item number CHH/CA
100 ## - MAIN ENTRY--AUTHOR NAME
Personal name Chatwal, G R .
245 ## - TITLE STATEMENT
Title Career`s objective type chemistry /
250 ## - EDITION STATEMENT
Edition statement 8 /
260 ## - PUBLICATION, DISTRIBUTION, ETC. (IMPRINT)
Place of publication :
Name of publisher Bright careers institute ,
Year of publication 1951.
300 ## - PHYSICAL DESCRIPTION
Number of Pages 440 ; .
700 1# - ADDED ENTRY--PERSONAL NAME
Personal name Phull, DS .
942 ## - ADDED ENTRY ELEMENTS (KOHA)
Koha item type Books
Holdings
Withdrawn status Lost status Damaged status Home library Current library Date acquired Full call number Accession Number Koha item type
      KAUAET   07/04/2012 028.7021 19380 Books
free website counter